[Event "Rheinhessen-ch U16/U18"]
[Site "Heidesheim"]
[Date "2013.01.06"]
[Round "6.4"]
[White "Spitzlei, Philipp"]
[Black "Schantz, Jakob"]
[Result "1/2-1/2"]
[WhiteElo "1585"]
[BlackElo "1217"]
[PlyCount "47"]
[EventDate "2013.01.06"]
[EventType "swiss"]
[EventRounds "7"]
[EventCountry "GER"]
[SourceTitle "EXT 2014"]
[Source "ChessBase"]
[SourceDate "2013.11.20"]
[SourceVersion "1"]
[SourceVersionDate "2013.11.20"]
[SourceQuality "1"]

1. c4 Nf6 2. Nc3 g6 3. Nf3 Bg7 4. d4 0-0 5. g3 d6 6. Bg2 Re8 7. 0-0 Nbd7 8. Re1 e5 9. d5 Nb6 10. b3 Nfd7 11. e4 a5 12. Be3 a4 13. Bf1 axb3 14. axb3 Rxa1 15. Qxa1 Nf6 16. h3 Nbd7 17. b4 Bf8 18. Nd2 b6 19. Na4 Bb7 20. Qc3 c5 21. bxc5 Nxc5 22. Qc2 Nfd7 23. Nxc5 bxc5 24. f4 1/2-1/2